Research methods in psychology / (Record no. 541991)
[ view plain ]
| 000 -LEADER | |
|---|---|
| fixed length control field | 00847cam a2200229 a 4500 |
| 020 ## - INTERNATIONAL STANDARD BOOK NUMBER | |
| International Standard Book Number | 0072312602 (alk. paper) |
| 082 00 - DEWEY DECIMAL CLASSIFICATION NUMBER | |
| Classification number | 150.72 |
| Author Mark | SHA |
| -- | N-01,p145 |
| 100 1# - MAIN ENTRY--PERSONAL NAME | |
| Personal name | Shaughnessy, John J., |
| 9 (RLIN) | 37068 |
| 245 10 - TITLE STATEMENT | |
| Title | Research methods in psychology / |
| Statement of responsibility, etc. | John J. Shaughnessy, Eugene B. Zechmeister, Jeanne S. Zechmeister. |
| 250 ## - EDITION STATEMENT | |
| Edition statement | 5th ed. |
| 260 ## - PUBLICATION, DISTRIBUTION, ETC. | |
| Place of publication, distribution, etc. | Boston MA : |
| Name of publisher, distributor, etc. | McGraw-Hill, |
| Date of publication, distribution, etc. | c2000. |
| 300 ## - PHYSICAL DESCRIPTION | |
| Extent | xv, 560 p. : |
| Other physical details | ill. ; |
| Dimensions | 25 cm. |
| 526 ## - STUDY PROGRAM INFORMATION NOTE | |
| Program name | 0 |
| Interest level | 0 |
| Reading level | 0 |
| Title point value | 150_720000000000000_SHA |
| 650 #0 - SUBJECT ADDED ENTRY--TOPICAL TERM | |
| Topical term or geographic name entry element | NUST |
| 9 (RLIN) | 6342 |
| 650 #0 - SUBJECT ADDED ENTRY--TOPICAL TERM | |
| Topical term or geographic name entry element | Psychology |
| General subdivision | Research |
| -- | Methodology |
| 650 #0 - SUBJECT ADDED ENTRY--TOPICAL TERM | |
| Topical term or geographic name entry element | Psychology, Experimental |
| 9 (RLIN) | 37069 |
| 700 1# - ADDED ENTRY--PERSONAL NAME | |
| Personal name | Zechmeister, Eugene B., |
| 9 (RLIN) | 37070 |
| 700 1# - ADDED ENTRY--PERSONAL NAME | |
| Personal name | Zechmeister, Jeanne S. |
| 9 (RLIN) | 1790 |
| 856 41 - ELECTRONIC LOCATION AND ACCESS | |
| Uniform Resource Identifier | <a href="http://www.loc.gov/catdir/toc/mh023/99015858.html">http://www.loc.gov/catdir/toc/mh023/99015858.html</a> |
| 856 42 - ELECTRONIC LOCATION AND ACCESS | |
| Uniform Resource Identifier | <a href="http://www.loc.gov/catdir/description/mh023/99015858.html">http://www.loc.gov/catdir/description/mh023/99015858.html</a> |
| 942 ## - ADDED ENTRY ELEMENTS (KOHA) | |
| Source of classification or shelving scheme | |
| Koha item type | Book |
| Withdrawn status | Lost status | Source of classification or shelving scheme | Damaged status | Not for loan | Permanent Location | Current Location | Date acquired | Total Checkouts | Full call number | Barcode | Date last seen | Price effective from | Koha item type |
|---|---|---|---|---|---|---|---|---|---|---|---|---|---|
| Military College of Engineering (MCE) | Military College of Engineering (MCE) | 09/16/2013 | 150.72 SHA | MCE-38127 | 09/16/2013 | 09/16/2013 | Book |
